Coupe du Monde de Foot: villes organisatrices - Statistiques

Statistiques générales
  • Ce quiz a été pris 131 fois
  • Le résultat moyen est 79 sur 162
Statistiques - réponses
Réponse % Correct
Colombes
99%
Paris
99%
Saint-Denis
99%
Rome
98%
Marseille
97%
Montevideo
97%
Bordeaux
96%
Londres
95%
Lyon
95%
Lyon (non-utilisé)
95%
Madrid
95%
Mexico
95%
Milan
95%
Rio de Janeiro
95%
Solna
95%
Lille
93%
Manchester
93%
Berlin
92%
Buenos Aires
92%
Naples
92%
Turin
92%
Sao Paulo
91%
Séoul
91%
Toulouse
91%
Barcelone
90%
Munich
90%
Santiago
90%
Berne
89%
Nantes
89%
Zurich
89%
Liverpool
88%
Moscou
88%
Séville
88%
Florence
86%
Valence
86%
Genève
85%
Los Angeles (Pasadena)
85%
New York (East Rutherford)
85%
Brasilia
84%
Hambourg
84%
Saint-Etienne
84%
Strasbourg
84%
Saint-Pétersbourg
83%
Montpellier
82%
Le Cap
80%
Francfort
77%
Gênes
77%
Johannesbourg
77%
Dortmund
74%
Bâle
72%
Bilbao
72%
Lens
72%
Birmingham
71%
Chicago
69%
Cologne
68%
Malmö
68%
Pretoria
67%
Bologne
66%
Lausanne
65%
Palerme
65%
Washington
65%
Bari
64%
Boston (Foxborough)
64%
Dallas
64%
San Francisco (Stanford)
63%
Göteborg
61%
Guadalajara
61%
Osaka
61%
Stuttgart
60%
Belo Horizonte
58%
Leipzig
56%
Saragosse
55%
Hanovre
54%
Kazan
54%
Düsseldorf
52%
Malaga
52%
Le Havre
51%
Manaus
50%
Cagliari
49%
Nuremberg
49%
Reims
48%
Vérone
47%
La Corogne
46%
Sotchi
46%
Gelsenkirchen
45%
Durban
44%
Recife
42%
Valladolid
42%
Iekaterinbourg
40%
Vigo
40%
Detroit (Pontiac)
39%
Kobe
39%
Monterrey
39%
Rosario
38%
Yokohama
37%
Porto Alegre
36%
Fortaleza
34%
Bloemfontein
33%
Rostov-sur-le-Don
33%
Cordoba
32%
Nijni Novgorod
32%
Udine
32%
Alicante
31%
Busan
31%
Orlando
31%
Volgograd
31%
Gijon
28%
Salvador
28%
Lugano
27%
Kaliningrad
26%
Sheffield
26%
Port Elizabeth
23%
Sapporo
23%
Curitiba
21%
Leon
21%
Samara
21%
Trieste
21%
Oviedo
19%
Antibes
17%
Kaiserslautern
17%
Puebla
17%
Norrköping
15%
Sunderland
15%
Daegu
14%
Incheon
14%
Mar del Plata
14%
Mendoza
14%
Natal
13%
Elche
12%
Orebro
9%
Vina del Mar
9%
Cuiaba
8%
Toluca
8%
Middlesbrough
7%
Saransk
7%
Västeras
7%
Helsingborg
6%
Niigata
6%
Polokwane
6%
Ulsan
6%
Halmstad
5%
Nelspruit
5%
Querétaro
5%
Rustenburg
5%
Saitama
5%
Suwon
5%
Rancagua
4%
Shizuoka
4%
Arica
3%
Boras
3%
Miyagi
3%
Nezahualcoyotl
3%
Oita
3%
Daejeon
2%
Eskilstuna
2%
Gwangju
2%
Ibaraki
2%
Irapuato
2%
Jeonju
2%
Sandviken
2%
Uddevalla
2%
Seogwipo
1%
Aucun quiz correspondant
Distribution des résultats
% des personnes avec chaque résultat
Percentile par nombre de réponses
Votre historique - résultats
Vous n’avez pas pris ce quiz